Contemporary management / (Record no. 3695)

000 -LEADER
fixed length control field 00936cam a2200301 a 4500
001 - CONTROL NUMBER
control field 16232684
003 - CONTROL NUMBER IDENTIFIER
control field OSt
005 - DATE AND TIME OF LATEST TRANSACTION
control field 20161101093231.0
008 - FIXED-LENGTH DATA ELEMENTS--GENERAL INFORMATION
fixed length control field 100514s2011 nyua 001 0 eng
010 ## - LIBRARY OF CONGRESS CONTROL NUMBER
LC control number 2010020430
020 ## - INTERNATIONAL STANDARD BOOK NUMBER
International Standard Book Number 9780071000284
035 ## - SYSTEM CONTROL NUMBER
System control number (OCoLC)ocn496956032
040 ## - CATALOGING SOURCE
Original cataloging agency DLC
Transcribing agency DLC
Modifying agency YDX
-- BTCTA
-- YDXCP
-- DLC
050 00 - LIBRARY OF CONGRESS CALL NUMBER
Classification number HD31.W33 2011
082 00 - DEWEY DECIMAL CLASSIFICATION NUMBER
Classification number 658
Edition number 22
100 ## - MAIN ENTRY--PERSONAL NAME
Personal name Waddell,Dianne
245 10 - TITLE STATEMENT
Title Contemporary management /
Statement of responsibility, etc Dianne Waddell,Gareth Jones, Jennifer George
250 ## - EDITION STATEMENT
Edition statement 2nd ed.
260 ## - PUBLICATION, DISTRIBUTION, ETC. (IMPRINT)
Place of publication, distribution, etc New York :
Name of publisher, distributor, etc McGraw-Hill/Irwin,
Date of publication, distribution, etc c2011.
300 ## - PHYSICAL DESCRIPTION
Extent xxxi, 518 p. :
Other physical details ill. (chiefly col.) ;
Dimensions 29 cm.
500 ## - GENERAL NOTE
General note Includes index.
650 #0 - SUBJECT ADDED ENTRY--TOPICAL TERM
Topical term or geographic name as entry element Management.
700 ## - ADDED ENTRY--PERSONAL NAME
Personal name Jones,Gareth
700 ## - ADDED ENTRY--PERSONAL NAME
Personal name George Jennifer M
906 ## - LOCAL DATA ELEMENT F, LDF (RLIN)
a 7
b cbc
c orignew
d 1
e ecip
f 20
g y-gencatlg
942 ## - ADDED ENTRY ELEMENTS (KOHA)
Source of classification or shelving scheme
Koha item type Book
Holdings
Withdrawn status Lost status Source of classification or shelving scheme Damaged status Not for loan Home library Current library Shelving location Date acquired Total Checkouts Full call number Barcode Date last seen Copy number Price effective from Koha item type
          Riara University Library Riara University Library General stack 01/11/2016   HD31.W33 2011 7376/16 01/11/2016 C.1 01/11/2016 Book

Riara University Library,
P.O. Box 49940-00100,
Nairobi, Kenya.